[Event "Niedersachsen-ch U12"]
[Site "Norderney"]
[Date "2014.04.12"]
[Round "1"]
[White "Rizo Wellmann, Darja"]
[Black "Askerov, Imamali"]
[Result "0-1"]
[WhiteElo "953"]
[BlackElo "1483"]
[PlyCount "54"]
[EventDate "2014.04.??"]
[EventType "swiss"]
[EventRounds "11"]
[EventCountry "GER"]
[SourceTitle "EXT 2017"]
[Source "ChessBase"]
[SourceDate "2016.10.25"]
[SourceVersion "1"]
[SourceVersionDate "2016.10.25"]
[SourceQuality "1"]

1. e4 c5 2. Nf3 Nc6 3. Nc3 d6 4. Bc4 Bg4 5. h3 Bh5 6. 0-0 Nf6 7. Be2 e6 8. d4 Bxf3 9. Bxf3 Nxd4 10. Be3 e5 11. Bxd4 cxd4 12. Nd5 Nxd5 13. exd5 Be7 14. Re1 0-0 15. Be4 f5 16. Bd3 e4 17. Bc4 Bf6 18. Qc1 Be5 19. Qd2 Qb6 20. Rab1 e3 21. fxe3 dxe3 22. Rxe3 Bd4 23. Rbe1 Bxe3+ 24. Rxe3 f4 25. Kh1 Qxe3 26. Qxe3 fxe3 27. Kh2 Rae8 0-1

[Event "Niedersachsen-ch U10"]
[Site "Rotenburg"]
[Date "2013.03.28"]
[Round "9"]
[White "Evering, Soeren"]
[Black "Rizo Wellmann, Darja"]
[Result "0-1"]
[WhiteElo "935"]
[BlackElo "934"]
[PlyCount "48"]
[EventDate "2013.03.23"]
[EventType "swiss"]
[EventRounds "11"]
[EventCountry "GER"]
[SourceTitle "EXT 2015"]
[Source "ChessBase"]
[SourceDate "2014.11.20"]
[SourceVersion "1"]
[SourceVersionDate "2014.11.20"]
[SourceQuality "1"]

1. e4 e5 2. Nf3 Nc6 3. Bc4 Nf6 4. Ng5 d5 5. exd5 Na5 6. Bb5+ c6 7. dxc6 bxc6 8. Qf3 h6 9. Ne4 Bg4 10. Bxc6+ Nxc6 11. Nxf6+ Qxf6 12. Qxg4 Bc5 13. 0-0 0-0 14. Nc3 Rfe8 15. d3 Re7 16. Ne4 Qg6 17. Qxg6 Bxf2+ 18. Rxf2 fxg6 19. Be3 Rb8 20. b3 Rc8 21. Bc5 Rec7 22. Raf1 Nd4 23. Bf8 Ne2+ 24. Kh1 g5 0-1